Zasięg terytorialny Polski w koncepcjach badaczy polskich: (1864-1921)
| Titel: | Zasięg terytorialny Polski w koncepcjach badaczy polskich: (1864-1921) |
|---|---|
| Verfasser: | |
| In: |
Przegla̜d geograficzny, Band 71, Heft 1/2 (1999), Seite p. 3-25: santr. angl. alle Artikel anzeigen |
| Veröffentlicht: | 1999, t. 71, z. 1/2 |
| Format: | Aufsatz |
| Sprache: | Polnisch |
X
alg: 39244717 001A $01999:11-11-16 001B $01999:28-04-17 $t14:59:44.000 001C $06050:19-11-16 $t08:53:25.000 001D $01999:11-11-16 001U $0utf8 001X $00 002@ $0Aox 003@ $0392447177 007A $0392447177 $aHEB 007T $0Herdc0005135v 010@ $apol 011@ $a1999 $n1999, t. 71, z. 1/2 021A $aZasięg terytorialny Polski w koncepcjach badaczy polskich: (1864-1921) 028A $#Eberchard, Pʹotr $#Eberhardt, Piotr Jan $#Ėberchardt, Petr $#Eberchardt, Piotr $#Eberchardt, Petr $#Eberchard, P'otr $7133163202 $8Eberhardt, Piotr$Z1935- [Tp1] $9188908803 031A $d71 $e1/2 $hp. 3-25: santr. angl. $j1999 039B $aIn $8--Abvc--. Przegla̜d geograficzny. - Warszawa : Państwowe Wydawn. Naukowe, 1918-. - ISSN 0033-2143 $x199900000710001997 $9047308648 045T $a14 lok: 39244717 78 exp: 39244717 78 1 #EPN 201B/01 $019-04-17 $t11:15:54.000 201U/01 $0utf8 203@/01 $0788544918 208@/01 $a11-11-16 $be 209A/01 $a/ $f000 $x00 220C/01 $aHerkunft: LII Vilnius / Irena Tumelytė 220C/01 $aAnmerkung: s 244Z/01 $2Trx $#Poola $#Lenkija $#Polija $#Polen Land $#Poland $#Lengyelország $#Poľsko $#Polsko $8--Trx--Polska$gkraj $x01 $9391345966 244Z/01 $2Trx $#Litauen $#Lithuania $#Litwa $#Litva $#Litva $8--Trx--Lietuva $x02 $9391193457 244Z/01 $2Trx $#Poola $#Lenkija $#Polija $#Polen Land $#Poland $#Lengyelország $#Poľsko $#Polsko $8--Trx--Polska$gkraj $x03 $9391345966 244Z/01 $aGeschichte 1864-1921 $x04 244Z/01 $2Trx $8--Trx--Zeitschriftenaufsatz $x05 $9391384341 247C/01 $82080>Marburg/Lahn, Herder-Institut, Forschungsbibliothek, Bibliographieportal $9336309341
| LEADER | 00000caa a22000002c 4500 | ||
|---|---|---|---|
| 001 | 392447177 | ||
| 003 | DE-603 | ||
| 005 | 20170428145944.0 | ||
| 007 | tu | ||
| 008 | 161111s1999 xx |||| | u00||u|pol c | ||
| 035 | |a (DE-599)HEB392447177 | ||
| 040 | |a DE-603 |b ger |c DE-603 |d DE-603 | ||
| 041 | |a pol | ||
| 084 | |a 14 |2 ssgn | ||
| 100 | 1 | |a Eberhardt, Piotr |d 1935- |0 (DE-603)188908803 |0 (DE-588)133163202 |2 gnd | |
| 245 | 0 | 0 | |a Zasięg terytorialny Polski w koncepcjach badaczy polskich: (1864-1921) |
| 264 | 0 | |c 1999, t. 71, z. 1/2 | |
| 773 | 0 | 8 | |i In |t Przegla̜d geograficzny |d Warszawa : Państwowe Wydawn. Naukowe, 1918- |x 0033-2143 |g Band 71, Heft 1/2 (1999), Seite p. 3-25: santr. angl. |w (DE-603)047308648 |w (DE-600)209415-0 |
| 924 | 0 | |9 2080 |a (DE-603)788544918 |b DE-2080 |c HES |d d |g / | |


